000 00754nam a22001697a 4500
008 100427t xxu||||| |||| 00| 0 eng d
082 _221
_a210
_bف ى
245 _aفى العقيدة :
_bمواقف عملية :حتى لاتكون العقيدة مجرد كلمات /
_cتصنيف إعتصام بنت أحمد الصراف
250 _aط. 1
260 _a[القاهرة]
_b[؟],
_c2004.
300 _a272 ص؛
_c21 سم.
650 _913722
_aالدين الإسلامى
650 _913723
_aالفقه الإسلامى
650 _913724
_aالفقه الإسلامى, علم
942 _2ddc
_cBB
999 _c13948
_d13948